Normal view
MARC view
Entry Personal Name
001 - CONTROL NUMBER
- control field: 1237316
003 - CONTROL NUMBER IDENTIFIER
- control field: OSt
005 - DATE AND TIME OF LATEST TRANSACTION
- control field: 20260430150358.0
008 - FIXED-LENGTH DATA ELEMENTS
- fixed length control field: 260430|| aca||aabn | a|a d
040 ## - CATALOGING SOURCE
- Original cataloging agency: OSt
- Transcribing agency: OSt
100 ## - HEADING--PERSONAL NAME
- Personal name: Yadav Sandeep Kumar Au.; Chakravorty Amitava Gu.; Saxena Ranjana Gu
670 ## - SOURCE DATA FOUND
- Source citation: Work cat.: (OSt)1849642: Yadav Sandeep Kumar Au.; Chakravorty Amitava Gu.; Saxena Ranjana Gu., Manifestation of Dissent in The Selected Works of A.I. Solzhenitsyn of 1960s, 2023
